<?xml version="1.0" encoding="UTF-8"?>
<record
    xmlns:xsi="http://www.w3.org/2001/XMLSchema-instance"
    xsi:schemaLocation="http://www.loc.gov/MARC21/slim http://www.loc.gov/standards/marcxml/schema/MARC21slim.xsd"
    xmlns="http://www.loc.gov/MARC21/slim">

  <leader>01743nam a22002297a 4500</leader>
  <controlfield tag="008">170812s2013        sw||||| |||| 00| 0 eng d</controlfield>
  <datafield tag="020" ind1=" " ind2=" ">
    <subfield code="a">9783943365689</subfield>
  </datafield>
  <datafield tag="082" ind1="0" ind2="4">
    <subfield code="a">701.03</subfield>
    <subfield code="b">L669u</subfield>
  </datafield>
  <datafield tag="100" ind1="1" ind2=" ">
    <subfield code="a">Lewandowska, Marysia.</subfield>
    <subfield code="9">5901</subfield>
  </datafield>
  <datafield tag="245" ind1="1" ind2="0">
    <subfield code="a">Undoing property? /</subfield>
    <subfield code="c">editado por Marysia Lewandowska y Laurel Ptak.</subfield>
  </datafield>
  <datafield tag="250" ind1=" " ind2=" ">
    <subfield code="a">1a edici&#xF3;n.</subfield>
  </datafield>
  <datafield tag="260" ind1=" " ind2=" ">
    <subfield code="a">Suecia :</subfield>
    <subfield code="b">Sternberg Press,</subfield>
    <subfield code="c">2013.</subfield>
  </datafield>
  <datafield tag="300" ind1=" " ind2=" ">
    <subfield code="a">256 p&#xE1;ginas :</subfield>
    <subfield code="b">ilustraciones.</subfield>
  </datafield>
  <datafield tag="505" ind1="0" ind2=" ">
    <subfield code="t">Preface</subfield>
    <subfield code="r">Binna Choi, Maria Lind y Emily Pethick.</subfield>
    <subfield code="t">As we may think</subfield>
    <subfield code="r">David Berry.</subfield>
    <subfield code="t">Introduction</subfield>
    <subfield code="r">Marysia Lewandowska y Laurel Ptak.</subfield>
    <subfield code="t">The sabotage of debt</subfield>
    <subfield code="r">Matteo Pasquinelli.</subfield>
    <subfield code="t">Cruel economy of authorship</subfield>
    <subfield code="r">Kuba Szreder.</subfield>
    <subfield code="t">Improvisation and communication</subfield>
    <subfield code="r">Mattin.</subfield>
    <subfield code="t">Copying is always transformative</subfield>
    <subfield code="r">Ramus Fleischer en conversaci&#xF3;n con Laurel Ptak.</subfield>
    <subfield code="t">Fields of zombies: biotech agriculture and privatization of knowlegde </subfield>
    <subfield code="r">Claire Pentecost.</subfield>
    <subfield code="t">Public access, private access</subfield>
    <subfield code="r">David Horvitz.</subfield>
    <subfield code="t">Thing 001895 (playing cards)</subfield>
    <subfield code="r">Agency.</subfield>
    <subfield code="t">The edger of the public domain</subfield>
    <subfield code="r">Open Music Archive.</subfield>
    <subfield code="t">Seat belt patent 1962</subfield>
    <subfield code="r">Nils Bohlin.</subfield>
    <subfield code="t">The artist's trust</subfield>
    <subfield code="r">Marysia Lewansowska.</subfield>
    <subfield code="t">Abstraction and the currency of the social</subfield>
    <subfield code="r">Marina Vishmidt en conversaci&#xF3;n con Laurel Ptak.</subfield>
    <subfield code="t">From Ownership to belonging</subfield>
    <subfield code="r">Matthew Stadler.</subfield>
    <subfield code="t">Interface, access, loss</subfield>
    <subfield code="r">Sean Dockray.</subfield>
    <subfield code="t">Imaginary property</subfield>
    <subfield code="r">Florian Schneider.</subfield>
    <subfield code="t">Reproducing the future</subfield>
    <subfield code="r">Marilyn Strathern en conversaci&#xF3;n con Marysia Lewandowska.</subfield>
    <subfield code="t">Excange and circulation</subfield>
    <subfield code="r">Antonia Hirsch.</subfield>
  </datafield>
  <datafield tag="653" ind1="1" ind2="0">
    <subfield code="a">Arte contempor&#xE1;neo</subfield>
  </datafield>
  <datafield tag="653" ind1="1" ind2="0">
    <subfield code="a">Arte p&#xFA;blico</subfield>
  </datafield>
  <datafield tag="653" ind1="1" ind2="0">
    <subfield code="a">Arte - Propiedad intelectual</subfield>
  </datafield>
  <datafield tag="653" ind1="1" ind2="0">
    <subfield code="a">Producci&#xF3;n de arte - Cultura</subfield>
  </datafield>
  <datafield tag="653" ind1="1" ind2="0">
    <subfield code="a">Pr&#xE1;cticas art&#xED;sticas contempor&#xE1;neas - Investigaci&#xF3;n</subfield>
  </datafield>
  <datafield tag="653" ind1="1" ind2="0">
    <subfield code="a">Curadur&#xED;a</subfield>
  </datafield>
  <datafield tag="700" ind1="1" ind2=" ">
    <subfield code="a">Ptak, Laurel.</subfield>
    <subfield code="e">editora.</subfield>
    <subfield code="9">5902</subfield>
  </datafield>
  <datafield tag="999" ind1=" " ind2=" ">
    <subfield code="c">1246</subfield>
    <subfield code="d">1246</subfield>
  </datafield>
  <datafield tag="952" ind1=" " ind2=" ">
    <subfield code="0">0</subfield>
    <subfield code="1">0</subfield>
    <subfield code="2">ddc</subfield>
    <subfield code="4">0</subfield>
    <subfield code="7">0</subfield>
    <subfield code="a">LV</subfield>
    <subfield code="b">LV</subfield>
    <subfield code="c">Monograf&#xED;as</subfield>
    <subfield code="d">2017-08-12</subfield>
    <subfield code="l">0</subfield>
    <subfield code="o">701.03 L669u</subfield>
    <subfield code="p">004402</subfield>
    <subfield code="r">2017-08-12 00:00:00</subfield>
    <subfield code="w">2017-08-12</subfield>
    <subfield code="y">01</subfield>
  </datafield>
</record>
